000 00698nam a22002297a 4500
003 OSt
005 20260220062137.0
008 260220b |||||||| |||| 00| 0 eng d
020 _a9780443101014
040 _aDCHS
_bEng
_cDCHS
_dDCHS
050 _aRT69
_b.W38 2006
100 _aWaugh Anne.
110 _aGrant Allison/
245 _aRoss and Wilson Anatomy and Physiology in Health and Illness/
_cWaugh Anne and Grant Allison/
_hBook
250 _a10th Ed.
260 _aLondon
_bElsevier
_c2006
300 _axii,495p.
_bill,col/
500 _aAnatomy and Physiology
700 _aWaugh Anne
710 _aGrant Allison
942 _2lcc
_cBKS
_e10th Ed.
_hRT69
_i.W38 2006
_n0
999 _c23578
_d23577